[Event "Schweinfurt op 29th"]
[Site "Schweinfurt"]
[Date "2019.06.22"]
[Round "4"]
[White "Westerhoff, Ralf"]
[Black "Reichert, Claudia"]
[Result "1/2-1/2"]
[WhiteElo "1487"]
[BlackElo "1682"]
[PlyCount "112"]
[EventDate "2019.06.20"]
[EventType "swiss"]
[EventRounds "7"]
[EventCountry "GER"]
[SourceTitle "CBM 191 Extra"]
[Source "ChessBase"]
[SourceDate "2019.09.30"]
[SourceVersion "1"]
[SourceVersionDate "2019.09.30"]
[SourceQuality "1"]

1. e4 e5 2. Nf3 Nc6 3. Bb5 a6 4. Ba4 Bc5 5. 0-0 Nf6 6. d3 h6 7. a3 b5 8. Bb3 0-0 9. Nc3 d6 10. Ne2 Bg4 11. Ng3 Nd4 12. Be3 Bxf3 13. gxf3 Nxb3 14. cxb3 Nd7 15. Kh1 Bxe3 16. fxe3 g6 17. d4 Qg5 18. Qe2 Rfe8 19. f4 Qh4 20. Rf2 exd4 21. exd4 Nf6 22. Qf3 Qg4 23. Kg2 Rad8 24. Rc1 Rd7 25. Rc6 Ra8 26. Rfc2 Ra7 27. Qe3 Nh5 28. Rf2 Re7 29. h3 Qxg3+ 30. Qxg3 Nxg3 31. Kxg3 Rxe4 32. Rd2 Re3+ 33. Kg4 f5+ 34. Kh4 Rxb3 35. Rdc2 Rd3 36. Rxc7 Rxc7 37. Rxc7 Rxd4 38. Ra7 Rxf4+ 39. Kg3 Ra4 40. Rd7 Rd4 41. Ra7 Rd3+ 42. Kh4 Rb3 43. Rxa6 Rxb2 44. Rxd6 Rb3 45. Rxg6+ Kf7 46. Rxh6 Rxa3 47. Kg5 Rf3 48. h4 b4 49. Rb6 b3 50. h5 Rh3 51. h6 Rf3 52. Rb7+ Kg8 53. Kg6 Rg3+ 54. Kxf5 Rh3 55. Kg5 Rf3 56. Kg4 Rf6 1/2-1/2